Every Premier League/English Football League Club Ever - Statistics

General Stats
  • This quiz has been taken 15 times
    12 since last reset
  • The average score is 67 of 146
Answer Stats
Hint Answer % Correct
Premier League Leeds United
100%
Premier League Liverpool
100%
Premier League Manchester City
100%
Premier League Manchester United
100%
Premier League Newcastle United
100%
Premier League Arsenal
88%
Premier League Aston Villa
88%
EFL Championship Blackpool
88%
Premier League Bournemouth
88%
EFL Championship Burnley
88%
Premier League Chelsea
88%
Premier League Crystal Palace
88%
Premier League Everton
88%
EFL Championship Stoke City
88%
Premier League Tottenham Hotspur
88%
EFL Championship West Bromwich Albion
88%
Premier League Wolverhampton Wanderers
88%
Former EFL Club Accrington
75%
EFL League One Barnsley
75%
Former EFL Club Bury
75%
EFL League One Derby County
75%
Premier League Fulham
75%
EFL Championship Huddersfield Town
75%
EFL Championship Hull City
75%
Premier League Leicester City
75%
Former EFL Club New Brighton
75%
Premier League Nottingham Forest
75%
Former EFL Club Notts County
75%
Former EFL Club Oldham Athletic
75%
EFL Championship Queens Park Rangers
75%
EFL Championship Sheffield United
75%
EFL League One Sheffield Wednesday
75%
EFL Championship Sunderland
75%
EFL Championship Wigan Athletic
75%
EFL League One Accrington Stanley
63%
EFL League Two Barrow
63%
EFL Championship Birmingham City
63%
EFL Championship Blackburn Rovers
63%
EFL League One Bolton Wanderers
63%
EFL League Two Bradford City
63%
Premier League Brentford
63%
EFL Championship Cardiff City
63%
EFL League One Charlton Athletic
63%
EFL League Two Doncaster Rovers
63%
EFL League One Ipswich Town
63%
EFL League One Lincoln City
63%
EFL Championship Middlesbrough
63%
EFL Championship Norwich City
63%
EFL Championship Preston North End
63%
EFL League Two Salford City
63%
Premier League Southampton
63%
EFL League Two Stockport County
63%
EFL Championship Swansea City
63%
EFL League Two Tranmere Rovers
63%
Premier League West Ham United
63%
Former EFL Club Wimbledon
63%
EFL League Two AFC Wimbledon
50%
EFL Championship Bristol City
50%
EFL League One Burton Albion
50%
EFL League One Fleetwood Town
50%
EFL League One Forest Green Rovers
50%
EFL League Two Grimsby Town
50%
EFL League Two Harrogate Town
50%
EFL League Two Hartlepool United
50%
EFL League Two Leyton Orient
50%
EFL League Two Mansfield Town
50%
EFL Championship Millwall
50%
EFL League One Oxford United
50%
EFL League One Plymouth Argyle
50%
EFL League One Portsmouth
50%
EFL League One Port Vale
50%
EFL Championship Reading
50%
EFL League Two Rochdale
50%
EFL Championship Rotherham United
50%
EFL League Two Stevenage
50%
EFL League Two Swindon Town
50%
EFL Championship Watford
50%
Former EFL Club Wrexham
50%
Former EFL Club Barnet
38%
EFL League One Bristol Rovers
38%
EFL League One Cambridge United
38%
EFL League Two Carlisle United
38%
Former EFL Club Chester City
38%
Former EFL Club Chesterfield
38%
EFL Championship Coventry City
38%
EFL League Two Crewe Alexandra
38%
Former EFL Club Darlington
38%
EFL League One Exeter City
38%
Former EFL Club Gateshead
38%
EFL Championship Luton Town
38%
EFL League One Milton Keynes Dons
38%
EFL League Two | Former EFL Club Newport County
38%
EFL League Two Northampton Town
38%
EFL League One Peterborough United
38%
Former EFL Club Scunthorpe United
38%
EFL League One Wycombe Wanderers
38%
Former EFL Club Yeovil Town
38%
Former EFL Club York City
38%
Former EFL Club Aldershot
25%
Former EFL Club Bradford Park Avenue
25%
Premier League Brighton and Hove Albion
25%
EFL League One Cheltenham Town
25%
EFL League Two Colchester United
25%
Former EFL Club Dagenham and Redbridge
25%
EFL League Two Gillingham
25%
Former EFL Club Halifax Town
25%
Former EFL Club Kidderminster Harriers
25%
Former EFL Club Leeds City
25%
Former EFL Club Macclesfield Town
25%
EFL League One Morecambe
25%
Former EFL Club Rushden & Diamonds
25%
Former EFL Club Scarborough
25%
EFL League One Shrewsbury Town
25%
Former EFL Club Southend United
25%
Former EFL Club Torquay United
25%
EFL League Two Walsall
25%
Former EFL Club Accrington Stanley (1891)
13%
Former EFL Club Ashington
13%
Former EFL Club Boston United
13%
EFL League Two Crawley Town
13%
Former EFL Club Darwen
13%
Former EFL Club Durham City
13%
Former EFL Club Hereford United
13%
Former EFL Club Nelson
13%
Former EFL Club Rotherham County
13%
Former EFL Club Rotherham Town
13%
Former EFL Club Stalybridge Celtic
13%
EFL League Two Sutton United
13%
Former EFL Club Workington
13%
Former EFL Club Aberdare Athletic
0%
Former EFL Club Aldershot Town
0%
Former EFL Club Bootle
0%
Former EFL Club Burton Swifts
0%
Former EFL Club Burton United
0%
Former EFL Club Burton Wanderers
0%
Former EFL Club Gainsborough United
0%
Former EFL Club Glossop
0%
Former EFL Club Loughborough
0%
Former EFL Club Maidstone Town
0%
Former EFL Club Methyr Town
0%
Former EFL Club Middlesbrough Ironopolis
0%
Former EFL Club New Brighton Tower
0%
Former EFL Club Northwich Victoria
0%
Former EFL Club Thames
0%
Former EFL Club Wigan Borough
0%
No matching quizzes found
Score Distribution
Percent of People with Each Score
Percentile by Number Answered
Your Score History
You have not taken this quiz since the last reset